The student's guide to VHDL

Αποθηκεύτηκε σε:
Λεπτομέρειες βιβλιογραφικής εγγραφής
Κύριος συγγραφέας: Ashenden, Peter J.
Μορφή: Βιβλίο
Γλώσσα:English
Δημοσίευση: San Francisco : Morgan Kaufmann Publishers, 1998
Θέματα:
Ετικέτες: Προσθήκη ετικέτας
Δεν υπάρχουν, Καταχωρήστε ετικέτα πρώτοι!

MARC

LEADER 00000cam a2200000 i 4500
001 1/19064
008 010329s1998 eng d
020 |a 1-55860-520-7 
035 |l 10066717 
040 |a GR-MY-UA  |b gre  |e aacr 
041 0 |a eng 
082 0 |a 621.392 
100 1 |a Ashenden, Peter J. 
245 1 4 |a The student's guide to VHDL /  |c Peter J. Ashenden 
260 |a San Francisco :   |b Morgan Kaufmann Publishers,   |c 1998 
300 |a 312 p.;  |c 24 cm. 
504 |a Includes index 
650 0 0 |a Electronic digital computers  |x Design and construction. 
852 |a INST  |b CHIOS  |e 20010329  |h 621.392 ASH  |p 005200021624  |q 005200021624  |t BK  |y 0 
901 |a BIBL2-2001-1 
909 |a Χ  |b 083312 
970 |a ΠΟΥΛΑΚΗ  |b ΣΤΕΛΛΑ  |z 2001/03/29